<?xml version="1.0" encoding="UTF-8"?><?xml-stylesheet type="text/xsl" href="static/style.xsl"?><OAI-PMH xmlns="http://www.openarchives.org/OAI/2.0/" xmlns:xsi="http://www.w3.org/2001/XMLSchema-instance" xsi:schemaLocation="http://www.openarchives.org/OAI/2.0/ http://www.openarchives.org/OAI/2.0/OAI-PMH.xsd"><responseDate>2026-04-17T22:11:46Z</responseDate><request verb="GetRecord" identifier="oai:riubu.ubu.es:10259/10043" metadataPrefix="marc">https://riubu.ubu.es/oai/request</request><GetRecord><record><header><identifier>oai:riubu.ubu.es:10259/10043</identifier><datestamp>2025-09-13T00:05:21Z</datestamp><setSpec>com_10259_7463</setSpec><setSpec>com_10259_5086</setSpec><setSpec>com_10259_2604</setSpec><setSpec>col_10259_7464</setSpec></header><metadata><record xmlns="http://www.loc.gov/MARC21/slim" xmlns:doc="http://www.lyncode.com/xoai" xmlns:xsi="http://www.w3.org/2001/XMLSchema-instance" xmlns:dcterms="http://purl.org/dc/terms/" xsi:schemaLocation="http://www.loc.gov/MARC21/slim http://www.loc.gov/standards/marcxml/schema/MARC21slim.xsd">
<leader>00925njm 22002777a 4500</leader>
<datafield tag="042" ind1=" " ind2=" ">
<subfield code="a">dc</subfield>
</datafield>
<datafield tag="720" ind1=" " ind2=" ">
<subfield code="a">Molinero Abad, Begoña</subfield>
<subfield code="e">author</subfield>
</datafield>
<datafield tag="720" ind1=" " ind2=" ">
<subfield code="a">Trachioti, Maria</subfield>
<subfield code="e">author</subfield>
</datafield>
<datafield tag="720" ind1=" " ind2=" ">
<subfield code="a">Prodromidis, Mamas I.</subfield>
<subfield code="e">author</subfield>
</datafield>
<datafield tag="720" ind1=" " ind2=" ">
<subfield code="a">Domínguez Renedo, Olga</subfield>
<subfield code="e">author</subfield>
</datafield>
<datafield tag="720" ind1=" " ind2=" ">
<subfield code="a">Alonso Lomillo, Mª Asunción</subfield>
<subfield code="e">author</subfield>
</datafield>
<datafield tag="260" ind1=" " ind2=" ">
<subfield code="c">2025-03</subfield>
</datafield>
<datafield tag="520" ind1=" " ind2=" ">
<subfield code="a">The evaluation of different gold nanoparticles (AuNPs) modified screen-printed carbon electrodes (SPCEs) for the determination of ethanethiol in wine is presented in this work. Two procedures, electrochemical and spark discharge modification, have been tested for depositing AuNPs onto the working electrode surface. A gel polymer membrane, based on the mixture of 1-n‑butyl‑3-methylimidazolium hexafluorophosphate (BMIM-PF6) and poly(vinylidene fluoride) (PVDF) in dimethyl sulfoxide, has been incorporated as a supporting electrolyte for the amperometric determination of the analyte in the gas phase. The developed sensors demonstrated high selectivity and sensitivity, having a detection capability of 80 μg/L (α = β = 0.05). They also exhibited a high degree of precision, with reproducibility values ranging from 0.3 to 7.6%. The different AuNP/SPCEs integrating a gel polymer membrane electrolyte have been successfully applied to the headspace amperometric determination of ethanethiol in various wine samples.</subfield>
</datafield>
<datafield tag="024" ind2=" " ind1="8">
<subfield code="a">0013-4686</subfield>
</datafield>
<datafield tag="024" ind2=" " ind1="8">
<subfield code="a">http://hdl.handle.net/10259/10043</subfield>
</datafield>
<datafield tag="024" ind2=" " ind1="8">
<subfield code="a">10.1016/j.electacta.2025.145710</subfield>
</datafield>
<datafield ind1=" " ind2=" " tag="653">
<subfield code="a">Ethanethiol</subfield>
</datafield>
<datafield ind1=" " ind2=" " tag="653">
<subfield code="a">Screen-printed carbon electrodes</subfield>
</datafield>
<datafield ind1=" " ind2=" " tag="653">
<subfield code="a">Gold nanoparticles</subfield>
</datafield>
<datafield ind1=" " ind2=" " tag="653">
<subfield code="a">Spark discharge</subfield>
</datafield>
<datafield ind1=" " ind2=" " tag="653">
<subfield code="a">Gas sensor</subfield>
</datafield>
<datafield ind1=" " ind2=" " tag="653">
<subfield code="a">Room temperature ionic liquids</subfield>
</datafield>
<datafield ind1=" " ind2=" " tag="653">
<subfield code="a">Wine analysis</subfield>
</datafield>
<datafield tag="245" ind1="0" ind2="0">
<subfield code="a">Gold nanoparticle-based amperometric sensors integrating a gel polymer membrane electrolyte for the headspace determination of ethanethiol in wines</subfield>
</datafield>
</record></metadata></record></GetRecord></OAI-PMH>